Využitie recyklovaného betónu a GFRP výstuže - experimentálne overenie ohybovej odolnosti doskových prvkov

Guardado en:
Detalles Bibliográficos
Autor principal: Petianová, Nikola (Autor)
Otros Autores: Hollý, Ivan (Orientador)
Formato: Manuscrito Libro
Lenguaje:eslovaco
Publicado: 2025
Materias:
Acceso en línea:http://is.stuba.sk/zp/portal_zp.pl?podrobnosti=181884
CRZP
Etiquetas: Agregar Etiqueta
Sin Etiquetas, Sea el primero en etiquetar este registro!

MARC

LEADER 00000ntm a22000003a 4500
001 stuzp105980
003 SK-STU
005 20250730145535.3
007 ta
008 150427s2015----xo-----f-mn---000-0-slo-d
040 |a STU  |b slo 
041 0 |a slo 
100 1 |a Petianová, Nikola  |u 010110  |4 aut  |U SvF Stavebná fakulta  |T SvF Katedra betónových konštrukcií a mostov  |X 103789  |U V110  |Y 11  |7 103789 
242 0 1 |a Use of recycled concrete and GFRP reinforcement - experimental verification of bending resistance of slab elements  |y eng 
245 1 0 |a Využitie recyklovaného betónu a GFRP výstuže - experimentálne overenie ohybovej odolnosti doskových prvkov 
260 |c 2025 
650 4 |a slab elements  |2 eng 
650 4 |a recycled aggregate  |2 eng 
650 4 |a flexural resistance  |2 eng 
650 4 |a doskové prvky  |2 slo 
650 4 |a recyklované kamenivo  |2 slo 
650 4 |a ohybová odolnosť  |2 slo 
700 1 |a Hollý, Ivan  |u 010110  |k Z1  |4 ths  |U SvF Stavebná fakulta  |T SvF Katedra betónových konštrukcií a mostov  |X 20766  |U V110  |Y 11  |7 A000020766 
856 4 |u http://is.stuba.sk/zp/portal_zp.pl?podrobnosti=181884 
856 4 |u https://opac.crzp.sk/?fn=detailBiblioForm&sid=71F69C32541FA50932607AB0024D  |z CRZP